00954nam a2200229 a 450000100100000000500170001000800410002704000250006808200190009310000410011224501200015326000340027330000270030749000910033450000270042550000630045265000240051565000180053970000330055771000440059083000900063400001068920240307073945.0091009s1987 dr a r 000 0 spa d aDO-SdBNPbspacBNPHU a616.075bB844d1 aBretón Holguín, Salvador,d1951-13aEl diagnóstico médico como un proceso científico /cSalvador Bretón Holguín; prólogo Rafael Kasse Acta. aSanto Domingo :bUASD,c1987. a53 p. :bil. ;c21 cm.1 aPublicaciones de la Universidad Autónoma de Santo Domingo;v573aArte y sociedadv13 aBibliografía : p. 53 aIncluye datos biográficos del autor en la contracubierta 4aPronóstico medico 4aDiagnóstico1 aKasse Acta, Rafael,epról.1 aUniversidad Autónoma de Santo Domingo 0aPublicaciones de la Universidad Autónoma de Santo Domingon573pArte y sociedad; 13